000 00664nam a2200253Ia 4500
003 OSt
005 20220918174955.0
006 a|||||r|||| 00| 0
007 ta
008 220917b |||||||| |||| 00| 0 eng d
024 _a14,951
037 _cTextual
040 _aARTS
_cARTS
_beng
041 _2eng
_aeng
082 _aO111w, M5
100 _aMeyers Jeffrey ed
_952359
245 0 _aCraft of liberary biography
260 _aLondon
_bMacmillan
_c1985
300 _ax,253p.
_ccm.
500 _aBibliography 246p
650 _aENGLISH LITERATURE
942 _hO111w, M5
_cTEXL
_2CC
999 _c155411
_d155411